| 000 | 00709nam a2200217 a 4500 | ||
|---|---|---|---|
| 008 | |||
| 020 | _a0750605413 (pbk) | ||
| 049 | _aMAIN | ||
| 090 |
_aHF5548.4.W63 _bSMA |
||
| 100 | 1 | _aSmail, Andrew-Glyn. | |
| 245 | 1 | 0 |
_aGetting the job done...with WordPerfect for Windows : _bcost-effective document production for business and other professional users/ _cAndrew-Glyn Smail. |
| 260 |
_aOxford : _bNewtech, _c1993. |
||
| 300 |
_aix, 443 p. : _bill. ; _c24 cm. |
||
| 500 | _aIncludes index. | ||
| 650 | 0 | _aWord processing. | |
| 907 |
_a.b10005353 _b07-01-13 _c17-04-03 |
||
| 003 | |||
| 005 | 20230123133115.0 | ||
| 040 | _cNUST | ||
| 942 |
_cBOOKS _kHF5548.4.W63 _mSMA |
||
| 999 |
_c142861 _d142861 |
||